00666nam a22002057a 450000500170000001000140001702000210003103500140005203700160006604000120008208200560009410000200015024501070017026000460027727000300032330000240035350000200037765000340039765000290043120170124110246.0 aTA-004552 c00.00a435823000 aTA-004552 bCen Lib/Ret aDPLbEN a323.2bFEU  aFeuer, Lewis S. aThe conflict of generations :bthe character and significance of student movements /cby Lewis S.Feuer aLondonbHeinemann Educational Booksc1969 bLondona48 Charles Street aix,543p. c21cm(Hb) aIncludes index  aStudent movements -- History. aConflict of generations.